Country flags with the most stars - Statistics

General Stats
  • This quiz has been taken 38 times
    19 since last reset
  • The average score is 8 of 21
Answer Stats
Number of stars Country % Correct
50 United States
100%
23 Brazil
81%
5 China
75%
4 New Zealand
69%
6 Australia
63%
8 Venezuela
56%
4 Micronesia
44%
5 Honduras
31%
12 Uzbekistan
31%
5 Singapore
25%
9 Tuvalu
25%
6 Kosovo
19%
5 Samoa
19%
5 Solomon Islands
19%
7 Tajikistan
19%
5 Turkmenistan
19%
9 Bosnia and Herzegovina
13%
10 Cape Verde
13%
4 Comoros
13%
5 Papua New Guinea
13%
6 Grenada
6%
No matching quizzes found
Score Distribution
Percent of People with Each Score
Percentile by Number Answered
Your Score History
You have not taken this quiz since the last reset